[Event "40th Nezhmetdinov Memorial 2018"]
[Site "Kazan"]
[Date "2018.09.20"]
[Round "8"]
[White "Harutyunian, Tigran K"]
[Black "Rozum, Ivan"]
[Result "1-0"]
[WhiteElo "2504"]
[BlackElo "2576"]
[Annotator "TA"]
[PlyCount "121"]
[EventDate "2018.09.11"]
[EventType "swiss"]
[EventCountry "RUS"]
[SourceTitle "playchess.com"]
[Source "ChessBase"]
[SourceQuality "1"]

{[%evp 12,121,33,29,57,43,43,47,51,50,27,23,12,0,0,0,0,0,0,0,0,0,0,-4,-19,-29,-18,-34,0,-36,-36,-35,0,0,0,0,0,0,0,0,0,-95,15,15,15,10,62,64,131,35,33,0,8,9,69,55,70,54,129,-14,-18,-21,-19,-81,-5,-11,25,0,0,-8,0,0,0,0,102,56,43,58,217,222,304,277,282,284,299,289,275,302,298,281,318,216,209,213,231,231,240,211,216,231,659,658,1286,1275,1207,1084,5110,4935,29986,29987,29987,29988]} 1. d4 Nf6 2. c4 d6 3. Nf3 g6 4. Nc3 Bf5 5. Qb3 b6 (5... Qc8 6. Nh4 Bd7 7. e4 Nc6 8. Nf3 e5 9. d5 Nd4 10. Qd1 Bg4 11. Be3 Bxf3 12. gxf3 Bg7 13. f4 {½-½ (47) Wang,H (2734)-Svidler,P (2759) Almaty 2016}) 6. g3 {E61: King's Indian: Early deviations for White, including Smyslov System} Nc6 7. Bg2 {LiveBook: 12 Games} Bd7 8. O-O {White is slightly better.} Bg7 9. Qc2 O-O 10. d5 $146 ({Predecessor:} 10. b3 Nh5 11. Rd1 Nb4 12. Qd2 c5 13. Bb2 {½-½ (31) Genov,P (2272)-Tonchev,M (2282) Sunny Beach 2014}) 10... Na5 11. b3 Bf5 12. Qd2 Ne4 $36 {[%mdl 2048] Black fights for an advantage.} 13. Nxe4 Bxa1 14. Nc3 c5 15. Qh6 {Intending Ng5 and mate.} f6 ({Worse is} 15... Bxc3 16. Ng5 Re8 17. Qxh7+ Kf8 18. Qxf7#) 16. Bd2 Bxc3 17. Bxc3 Rf7 18. Re1 Qf8 19. Qd2 Nb7 20. e4 Bd7 21. Nh4 Re8 22. f4 Qh6 23. Qd3 e5 24. dxe6 $1 Bxe6 25. f5 Bc8 26. Rf1 (26. Bf3 $11) 26... gxf5 (26... Nd8 $17 27. h3 g5) 27. Nxf5 $11 Bxf5 28. Rxf5 Nd8 (28... Qc1+ $11 29. Rf1 Qh6) 29. Bf3 $1 $14 {[%mdl 1024] White has compensation.} Re6 (29... Re5 $14) 30. Bh5 (30. Rf4 $16) 30... Rfe7 31. Bd2 Qg7 32. Rf4 {Black must now prevent Rg4.} Kh8 ({Black should play} 32... Re5 $11 33. Rg4 Rg5 $1 {[%mdl 512]} 34. Bxg5 fxg5) 33. Bg4 Re5 34. Qxd6 Nf7 (34... Ne6 $14 35. Rxf6 Qxf6) 35. Qxf6 (35. Qc6 $1 $16) 35... Qxf6 $11 36. Rxf6 {Threatens to win with Bc3.} Rxe4 37. Bf3 {[#]} (37. Bh5 $11 {keeps the balance.} Kg7 38. Bc3) 37... R4e6 (37... Kg7 $1 $17 {[%cal Rg7f6]} 38. Rc6 R4e6) 38. Rf4 (38. Bc3 {feels hotter.} Kg8 39. Rf5 h6 40. Bd5 Re2 41. Bf6) 38... Kg8 39. h4 {[%cal Bh2h4,Bh4h5][%mdl 32]} Kf8 40. Kg2 Ke8 41. Kh3 Ne5 42. Bd5 Ng6 (42... Rd6 $11) 43. Rf1 Rd6 $1 44. h5 Ne5 $2 {[#]} (44... Nf8 $1 $14) 45. Bg5 $1 $18 {[%cal Rg5e7]} h6 46. Bxe7 Kxe7 {[%mdl 4096] Endgame KRB-KRN} 47. Rf5 Nd7 48. Rf7+ Ke8 {Hoping for ...Rxd5!} 49. Rg7 b5 50. g4 Nb6 51. Be4 bxc4 52. bxc4 ({Don't play} 52. Rxa7 $6 c3 $16) 52... Kf8 53. Rxa7 Nxc4 54. a4 {[%cal Ba2a4,Ba4a5,Ba5a6,Ba6a7][%mdl 32]} Rd4 55. Bg6 Ne3 $2 (55... Ne5 56. Bf5 c4) 56. a5 Nxg4 {and the idea ...Ne5 leaves Black hopeful.} 57. a6 Ne5 58. Rc7 Rd8 59. a7 Nc4 60. Rf7+ Kg8 61. Rb7 {Precision: White = 67%, Black = 35%.} 1-0

[Event "40th Nezhmetdinov Memorial 2018"]
[Site "Kazan"]
[Date "2018.09.20"]
[Round "8"]
[White "Samusenko, Maksim"]
[Black "Bocharov, Ivan"]
[Result "1/2-1/2"]
[WhiteElo "2442"]
[BlackElo "2565"]
[Annotator "TA"]
[PlyCount "90"]
[EventDate "2018.09.11"]
[EventType "swiss"]
[EventCountry "RUS"]
[SourceTitle "playchess.com"]
[Source "ChessBase"]
[SourceQuality "1"]

{[%evp 20,90,-28,-27,-30,-38,0,0,-4,-4,0,0,0,0,0,-25,-29,-29,-24,-24,-22,-25,0,0,0,0,0,0,0,-26,-33,-33,-43,-46,-25,-25,-23,-33,-27,-21,-23,-24,-16,-26,-3,-9,0,0,0,0,0,0,0,-18,0,0,0,0,34,-106,-80,-119,-111,-118,0,0,0,0,0,0,0,0,0]} 1. e4 e5 2. Nf3 Nc6 3. Bb5 a6 4. Ba4 Nf6 5. d4 exd4 6. O-O Be7 7. Re1 b5 8. e5 Nxe5 9. Rxe5 d6 10. Re1 bxa4 11. Nxd4 {LiveBook: 109 Partien} Bg4 {C84: Spanische Partie (Mittelgambit)} (11... Bd7 12. Qf3 O-O 13. Nc6 Bxc6 14. Qxc6 d5 15. Qxa4 Re8 16. Bf4 Rb8 17. Qxa6 Rxb2 18. Qd3 Bb4 19. Rxe8+ Qxe8 20. Nc3 Qa8 21. Bxc7 Bxc3 22. Qxc3 Rxa2 {½-½ (30) Vogt,L (2398)-Jenni,F (2453) Switzerland 2016}) 12. Qd3 Qd7 (12... O-O $2 13. Nc6 $18) (12... Bd7 {feels hotter.} 13. Nc3 O-O 14. h3 Re8 15. Qf3 Rb8) 13. h3 Be6 $1 14. Qe2 Nd5 $146 ({Vorgänger:} 14... O-O 15. Nc3 Rfe8 16. Nxe6 fxe6 17. Qxe6+ Qxe6 18. Rxe6 Kf7 19. Re2 {0-1 (83) Medvegy,N (2235)-Csom,E (2130) Budapest 1995}) 15. Nxe6 fxe6 16. c4 Nb4 17. Bd2 Rb8 18. Bxb4 ({Jedoch nicht} 18. Qxe6 $2 Qxe6 19. Rxe6 Kf7 $19) 18... Rxb4 19. Nc3 O-O 20. a3 Rb3 (20... Rbb8 {looks sharper.} 21. c5 d5 22. Qxe6+ Qxe6 23. Rxe6 Bxc5 24. Re2 d4) 21. Qxe6+ Qxe6 22. Rxe6 Bf6 23. Nxa4 Bxb2 24. Nxb2 (24. Rb1 {is more complex.} Rxf2 25. Re8+ Kf7 26. Re4 Rc2 27. Nxb2 Rbxb2 28. Rf1+) 24... Rxb2 $11 {[%mdl 4096] Endspiel KTT-KTT} 25. f3 Rc2 26. Re4 Rb8 27. Rd1 Rbb2 28. Rg4 h5 29. Rg5 Rxc4 30. Rxh5 Rb5 31. Rhd5 Rxd5 32. Rxd5 {KT-KT} Ra4 33. Rd3 Kf7 34. Kf2 Ke6 35. Re3+ Kf6 36. Rd3 g5 {[%cal Bg7g5,Bg5h4][%mdl 32]} 37. g4 Ke6 38. Re3+ Kd5 39. h4 (39. Re8 $14 {bleibt weiter vorne.}) 39... gxh4 $17 40. g5 {[#] Schwarz muss nun g6 beachten.} Rf4 $1 41. Re7 Rf5 (41... c5 $17 {Und ...Tf5 würde nun gewinnen.} 42. Re1 Rf8) 42. Rxc7 $11 {Die Stellung ist ausgeglichen.} Rxg5 {Droht ...h3 und aus.} 43. Rh7 Ke6 44. Rxh4 Rc5 45. Ke2 Rb5 {Precision: Weiß = 71%, Schwarz = 58%.} 1/2-1/2

[Event "40th Nezhmetdinov Memorial 2018"]
[Site "Kazan"]
[Date "2018.09.20"]
[Round "8"]
[White "Faizrakhmanov, Ramil"]
[Black "Levin, Evgeny A"]
[Result "1/2-1/2"]
[WhiteElo "2414"]
[BlackElo "2516"]
[Annotator "TA"]
[PlyCount "168"]
[EventDate "2018.09.11"]
[EventType "swiss"]
[EventCountry "RUS"]
[SourceTitle "playchess.com"]
[Source "ChessBase"]
[SourceQuality "1"]

{[%evp 31,168,14,17,0,0,0,0,0,0,-22,-2,-2,-3,-16,8,9,12,5,20,-10,0,0,0,0,10,13,14,-6,0,0,202,190,229,235,226,226,230,210,332,207,210,210,218,218,218,218,218,218,218,218,218,218,217,218,217,217,217,0,217,217,217,217,217,217,217,206,206,206,204,204,207,191,207,191,191,191,192,192,192,0,192,152,152,152,152,152,152,152,153,152,153,0,14,0,0,0,0,0,0,0,0,0,0,0,0,0,0,0,0,0,0,0,0,0,0,0,0,0,0,0,0,0,0,-8,-8,-1,-8,-42,-42,-42,-42,-42,-42,-42,-42,-42,0,-42,0]} 1. d4 Nf6 2. c4 e6 3. Nf3 b6 4. g3 Ba6 5. b3 Bb4+ 6. Bd2 Be7 7. Nc3 Bb7 8. Bg2 O-O 9. O-O d5 10. cxd5 exd5 11. Bc1 Nbd7 12. Bb2 Bd6 13. Qc2 a6 14. Rfd1 Re8 15. Rac1 Qe7 16. e3 Rac8 {[#] LiveBook: 4 Games. E17: Queen's Indian: 4 g3 Bb7 5 Bg2 Be7} 17. Ne2 $146 ({Predecessor:} 17. Nh4 g6 18. Nf3 Ne4 19. Ne5 Ndf6 20. Nxe4 Nxe4 21. Qe2 c6 22. f3 Nf6 23. f4 c5 24. g4 cxd4 25. Bxd4 {½-½ (32) Tochacek,M (2565)-Kramer,S (2520) ICCF email 2002}) 17... Ne4 18. Nf4 c6 {The position is equal.} 19. Qe2 a5 20. Nd2 Nxd2 21. Qxd2 Nf6 22. Rc2 Bxf4 23. exf4 Ne4 24. Qc1 Qd7 25. Ba3 Nd6 26. Re1 Rxe1+ 27. Qxe1 Ba6 28. Bxd6 Qxd6 29. Bh3 Rd8 30. Qe5 f6 $2 {[#]} (30... Qa3 $11 {and Black is okay.}) 31. Qe6+ $18 Kf8 32. Rxc6 Qxe6 33. Bxe6 {[%mdl 4096] Endgame KRB-KRB} ({Stronger than} 33. Rxe6 Bc8 $17) 33... Rb8 34. Bxd5 Re8 (34... Bb5 $142) 35. Re6 ({Don't do} 35. Rxb6 Re1+ 36. Kg2 Bf1+ 37. Kf3 Be2+ 38. Ke3 Bf1+ 39. Kf3 Be2+ 40. Ke3 Bc4+ 41. Kd2 Re2+ 42. Kd1 Bd3 $18) 35... Rxe6 36. Bxe6 {KB-KB} Bd3 37. Bc4 Bb1 38. a4 Be4 39. h4 Bf3 40. Kf1 Ke7 41. Ke1 Bg4 42. Kd2 Kd6 43. Ke3 Bf5 44. Kd2 Bg4 $1 45. Kc3 Bd1 46. Bd3 h6 47. Bc4 Ke7 48. Kd3 Kd6 49. f5 Bf3 50. Ke3 Bh5 51. f3 Ke7 52. Kf4 Kd6 53. g4 Be8 54. Ke4 Bc6+ 55. Kf4 Be8 $1 56. g5 hxg5+ 57. hxg5 Ke7 58. Kg4 Kd6 59. Be6 Ke7 60. f4 Kd6 61. d5 $2 (61. Bc4 $16) 61... Ke7 62. Kf3 Bh5+ 63. Ke3 Kd6 64. Kd4 Bd1 65. Kc3 Kc5 66. Kd2 Bf3 ({Don't blunder} 66... Bxb3 $2 {[#]} 67. d6 $1 $16 {[%mdl 512]}) 67. Kd3 Bd1 68. Kc3 Bf3 69. d6 Kxd6 70. b4 axb4+ 71. Kxb4 Bc6 72. Bc8 Be4 73. Be6 Bc6 74. Bf7 Bd7 75. Bg6 Kd5 76. gxf6 gxf6 77. Bf7+ Ke4 78. Be6 Bc6 79. Bc8 Kxf4 80. Be6 Ke5 81. Bc8 Kd6 82. Be6 Be8 83. Bc8 Bc6 84. Be6 Ke5 {Precision: White = 51%, Black = 69%.} 1/2-1/2

[Event "40th Nezhmetdinov Memorial 2018"]
[Site "Kazan"]
[Date "2018.09.20"]
[Round "8"]
[White "Palachev, Petr"]
[Black "Bocharov, Dmitry"]
[Result "0-1"]
[WhiteElo "2405"]
[BlackElo "2562"]
[Annotator "TA"]
[PlyCount "72"]
[EventDate "2018.09.11"]
[EventType "swiss"]
[EventCountry "RUS"]
[SourceTitle "playchess.com"]
[Source "ChessBase"]
[SourceQuality "1"]

{[%evp 13,72,30,43,44,46,43,48,43,49,41,57,54,82,70,74,66,68,75,76,35,41,45,49,44,35,16,9,4,14,7,4,-26,-29,-36,-29,-56,-57,-145,-106,-96,-85,-181,-185,-183,-194,-262,-259,-265,-268,-262,-259,-284,-284,-785,-773,-1210,-825,-1673,-1675,-2043,-1419]} 1. d4 Nf6 2. c4 g6 3. Nc3 Bg7 4. e4 O-O 5. Be2 d6 6. Bg5 Na6 7. Qd2 c6 8. Rd1 {E73: King's Indian: Averbakh Variation without 6...c5} Nc7 9. Bf3 Be6 10. d5 {White is slightly better.} (10. b3 Qc8 11. h3 b5 12. cxb5 cxb5 13. Nge2 b4 14. Na4 Rb8 15. Rc1 Qd8 {½-½ (49) Le,Q (2726)-Naiditsch,A (2712) Danzhou 2017}) 10... Bd7 11. Nge2 cxd5 $146 ({Predecessor:} 11... c5 12. h4 h5 13. e5 Nh7 14. e6 fxe6 15. Nf4 Nxg5 16. hxg5 Bxc3 17. bxc3 Rxf4 18. Qxf4 {1-0 (57) Jones,B (2245)-Rivas Romero,G (2172) ICCF email 2016}) 12. cxd5 Bb5 13. Nxb5 Nxb5 14. O-O Nd7 15. Qb4 a6 16. a4 Nc7 $1 17. Nd4 a5 18. Qa3 ({Don't go for} 18. Qxb7 $2 Bxd4 19. Rxd4 Nc5 $19) 18... Nc5 19. Nb3 N7a6 20. Nxc5 Nxc5 21. Be3 b6 {[%cal Bb7b6,Bb6c5][%mdl 32]} 22. Bxc5 bxc5 23. Be2 Bd4 24. b3 e5 25. Kh1 (25. dxe6 $15 fxe6 26. g3) 25... f5 26. exf5 Rxf5 27. Bg4 (27. g3 $17 {keeps fighting.}) 27... Rxf2 $19 28. Rxf2 Bxf2 29. Be6+ (29. Qc1 $142) 29... Kg7 30. Rf1 Qh4 31. Qb2 {[#]} Rf8 $1 32. Qe2 e4 {[%cal Be5e4,Be4e3][%mdl 32]} 33. g4 $2 (33. Bd7) 33... e3 {Black is clearly winning.} 34. Kg2 Qf6 {White must now prevent ...Qe5.} 35. Rc1 Qe5 {[#] ( -> ...Qe4+)} 36. Qd3 Qf4 {Precision: White = 39%, Black = 87%.} 0-1

[Event "40th Nezhmetdinov Memorial 2018"]
[Site "Kazan"]
[Date "2018.09.21"]
[Round "9"]
[White "Artemiev, Vladislav"]
[Black "Volkov, Sergey"]
[Result "1/2-1/2"]
[WhiteElo "2703"]
[BlackElo "2547"]
[Annotator "TA"]
[PlyCount "139"]
[EventDate "2018.09.11"]
[EventType "swiss"]
[EventCountry "RUS"]
[SourceTitle "playchess.com"]
[Source "ChessBase"]
[SourceQuality "1"]

{[%evp 19,139,14,31,-7,0,0,0,-5,15,10,15,9,7,7,29,32,42,28,20,0,0,0,0,0,0,0,27,8,10,14,12,10,56,33,55,53,75,74,65,43,43,43,43,43,44,45,45,34,34,34,43,44,50,43,43,43,47,39,44,25,26,26,26,27,31,28,28,27,20,31,25,23,56,11,15,15,15,17,14,13,15,15,12,8,39,31,31,0,0,0,0,0,0,0,0,0,0,0,0,0,0,0,0,0,0,0,0,0,0,0,0,0,0,0,0,0,0,0,0,0,0,0]} 1. c4 e5 2. d3 Bc5 3. Nf3 d6 4. g3 Nc6 5. Bg2 Nf6 6. Nc3 h6 7. O-O O-O 8. a3 a5 9. e3 Bb6 {A29: English Opening: Four Knights Variation with 4 g3} (9... Re8 10. b3 Ba7 11. Bb2 Bf5 12. h3 Qd7 13. Kh2 Bh7 14. Rc1 Ne7 15. d4 e4 16. Ne5 Qc8 17. Ng4 Nxg4+ 18. hxg4 {1-0 (57) Navara,D (2732)-Balogh,C (2632) Czech Republic 2018}) 10. b3 Re8 {LiveBook: 6 Games} 11. Ra2 $146 ({Predecessor:} 11. Bb2 Bf5 12. h3 Qd7 13. Kh2 Bh7 14. Ng1 Kh8 15. Nge2 Rad8 16. Rc1 Ne7 17. e4 {½-½ (76) Gual Pascual,A (2432)-Fluvia Poyatos,J (2512) Barcelona 2015}) 11... Bf5 12. Rd2 Qc8 13. Re1 e4 14. dxe4 Nxe4 15. Nxe4 Bxe4 16. Bb2 Nd8 17. Nh4 Qe6 18. Rd5 {[#] Strongly threatening Bxe4.} Nc6 19. Qd2 Ne7 20. Qc3 {[%csl Gb2][%cal Rc3g7]} f6 21. Rdd1 Bxg2 22. Nxg2 Qe4 23. b4 axb4 24. axb4 c5 25. Qb3 Red8 26. Nf4 Kh8 27. Bc3 cxb4 28. Bxb4 Bc5 29. Qb1 (29. Bxc5 {with more complications.} dxc5 30. Qb1 Qc6 31. Rd3 Rxd3 32. Qxd3 b6 33. Rb1) 29... Qxb1 30. Rxb1 Bxb4 31. Rxb4 Rd7 32. Reb1 Ra7 33. Rd1 Nc6 34. Rb6 Ra5 35. Rb5 Kg8 36. Ne6 Rxb5 37. cxb5 $14 {[%mdl 4096] Endgame KRN-KRN} Nd8 38. Nf4 Kf7 39. Kg2 Ne6 40. Nd5 f5 41. h3 Rd8 42. g4 g6 43. Kg3 Rc8 44. Nb6 Rd8 45. gxf5 gxf5 46. Rd5 f4+ 47. exf4 Nc7 48. Rh5 Kg6 49. Kg4 d5 50. Re5 Kf6 51. Kf3 d4 52. Rc5 Ne6 53. Rh5 d3 {White must now prevent ...d2.The position is equal.} 54. Rd5 ({Don't blunder} 54. Rxh6+ $2 Kg7 $19) 54... d2 55. Rxd8 Nxd8 $11 {KN-KN} 56. Ke2 Kf5 57. Kxd2 {aiming for Ke3.} (57. Nd5 {feels hotter.} Nf7 58. Kxd2 Nd6 59. Ke3 Nxb5 60. Kd3) 57... Kxf4 58. Kd3 Kf3 59. Kd4 Kxf2 60. Kd5 Kg3 61. Kd6 Kxh3 62. Nd5 {[#]} Nc6 $1 {[%mdl 512]} 63. Kc7 (63. bxc6 bxc6) 63... Na5 64. Ne3 h5 65. Kb6 Nb3 66. Kxb7 h4 67. b6 Kg3 68. Kc7 Nc5 69. Kc6 Na6 70. Nf5+ {Precision: White = 65%, Black = 79%.} 1/2-1/2

[Event "40th Nezhmetdinov Memorial 2018"]
[Site "Kazan"]
[Date "2018.09.21"]
[Round "9"]
[White "Chigaev, Maksim"]
[Black "Kokarev, Dmitry"]
[Result "1/2-1/2"]
[WhiteElo "2593"]
[BlackElo "2595"]
[Annotator "TA"]
[PlyCount "21"]
[EventDate "2018.09.11"]
[EventType "swiss"]
[EventCountry "RUS"]
[SourceTitle "playchess.com"]
[Source "ChessBase"]
[SourceQuality "1"]

{[%evp 20,21,15,0]} 1. e4 c5 2. Nf3 d6 3. d4 cxd4 4. Nxd4 Nf6 5. Nc3 a6 6. Nb3 Nc6 7. Be3 {B56: Classical Sicilian: Unusual Lines} Ng4 $146 ({Predecessor:} 7... g6 8. Nd5 Nxd5 9. exd5 Ne5 10. Bd4 Bh6 11. Be2 O-O 12. O-O b5 13. a4 b4 14. c3 Bb7 15. cxb4 Bxd5 {0-1 (29) Anand,V (2776)-Vachier Lagrave,M (2811) Bastia 2016}) 8. Bd2 Nf6 9. Be3 Ng4 10. Bd2 Nf6 11. Be3 {LiveBook: 39 Games} 1/2-1/2

[Event "40th Nezhmetdinov Memorial 2018"]
[Site "Kazan"]
[Date "2018.09.21"]
[Round "9"]
[White "Bocharov, Dmitry"]
[Black "Korneev, Oleg"]
[Result "1/2-1/2"]
[WhiteElo "2562"]
[BlackElo "2547"]
[Annotator "TA"]
[PlyCount "93"]
[EventDate "2018.09.11"]
[EventType "swiss"]
[EventCountry "RUS"]
[SourceTitle "playchess.com"]
[Source "ChessBase"]
[SourceQuality "1"]

{[%evp 23,93,0,0,0,0,-2,0,0,0,-15,0,0,0,-37,-30,-37,-38,-41,0,-118,0,0,9,-14,0,0,-5,-9,0,-13,-13,-22,-13,-20,-11,-13,0,-14,-14,-13,0,0,0,0,0,0,0,0,0,0,0,0,0,0,0,0,0,0,0,0,0,0,0,0,0,0,0,0,0,0,0,0]} 1. Nf3 d5 2. g3 Bg4 3. Bg2 c6 4. c4 e6 5. O-O Nf6 6. cxd5 Bxf3 7. Bxf3 cxd5 8. d4 Nc6 9. Nc3 Be7 {A11: English Opening: 1...c6} 10. e3 (10. b3 O-O 11. Bb2 a6 12. e3 Qa5 13. a3 Rfc8 14. Qe2 b5 15. Rfc1 Qb6 16. Qd1 Rc7 17. Ne2 {½-½ (44) Duda,J (2717)-Ni,H (2671) Riadh 2017}) 10... O-O 11. Qe2 a6 12. Bd2 b5 {LiveBook: 3 Games} 13. Rfd1 Qb6 14. Be1 Rac8 15. Rac1 h6 $146 ({Predecessor:} 15... Rc7 16. Qd3 Rfc8 17. Qb1 {1-0 (64) Glud,J (2514)-Skytte,R (2431) Kolding 2013}) 16. Qd3 Rfd8 17. a4 {[%cal Ra4b5]} e5 {[#] And now ...b4 would win.} 18. Bg2 b4 19. Ne2 e4 20. Qb1 b3 21. f3 {[#]} (21. Rc3 $11 {remains equal.}) 21... exf3 (21... Nb4 $1 $17 22. Rxc8 (22. fxe4 dxe4 23. a5 Qb7 $17) 22... Rxc8) 22. Bxf3 $11 {The position is equal.} Nb4 23. Bxb4 Rxc1 24. Rxc1 Qxb4 25. Nc3 Qa5 26. Qd3 Bb4 27. Kg2 Bxc3 28. Rxc3 Qxa4 29. Rxb3 Rc8 (29... Qc6 {seems wilder.} 30. Be2 Ra8 31. Rc3 Qd6 32. Rc5 g6) 30. Rc3 Rxc3 31. Qxc3 g5 32. g4 Kg7 33. h3 a5 34. Kf2 Qa1 35. Kg2 Qa4 36. Qc1 Qb3 37. Kf2 Qd3 38. Ke1 Ne4 39. Bxe4 Qxe4 {[%mdl 4096] Endgame KQ-KQ} 40. Kf2 $1 Qd3 41. Kf3 a4 42. Kf2 Kh7 43. Kf3 Kg6 44. Qc6+ Kg7 45. Qc1 Kg6 46. Qc6+ Kg7 47. Qc1 {Precision: White = 61%, Black = 67%.} 1/2-1/2

[Event "40th Nezhmetdinov Memorial 2018"]
[Site "Kazan"]
[Date "2018.09.21"]
[Round "9"]
[White "Iljiushenok, Ilia"]
[Black "Harutyunian, Tigran K"]
[Result "0-1"]
[WhiteElo "2532"]
[BlackElo "2504"]
[Annotator "TA"]
[PlyCount "102"]
[EventDate "2018.09.11"]
[EventType "swiss"]
[EventCountry "RUS"]
[SourceTitle "playchess.com"]
[Source "ChessBase"]
[SourceQuality "1"]

{[%evp 18,102,0,0,0,0,0,0,0,0,19,18,13,0,0,0,0,-3,0,-666,-643,-572,-443,-524,-118,-110,-114,-72,80,-22,200,190,177,76,222,79,71,6,6,-22,-27,-19,0,0,0,0,19,-93,-117,-454,-182,-189,-189,-195,-187,-189,-189,-186,-182,-188,-182,-210,-208,-175,-182,-284,-284,-310,-310,-310,-310,-513,-513,-513,-513,-513,-513,-513,-458,-767,-594,-1473,-1299,-1546,-4689,-5916,-5916]} 1. e4 e5 2. Nf3 Nc6 3. d4 exd4 4. Nxd4 Bc5 5. Be3 Qf6 6. c3 Nge7 7. Bc4 Ne5 8. Bb3 Qg6 9. O-O d5 {C45: Scotch Game} 10. Bf4 {LiveBook: 5 Games} Bh3 {[%csl Gh3][%cal Rg6g2]} (10... Bg4 11. Qc2 Bxd4 12. cxd4 N5c6 13. Qd2 Qxe4 14. f3 Bxf3 15. gxf3 Qxd4+ 16. Qxd4 Nxd4 17. Bxc7 {1-0 (63) Kasparov,G (2812)-Nakamura,H (2787) Saint Louis 2016 CBM 172 Extra [CB]}) 11. Bg3 h5 $1 {[%cal Rh5h4] aiming for ...h4.The position is equal.} 12. Ba4+ c6 {Hoping for ...Bxg2!} 13. exd5 {[#]} Bxg2 $146 ({Predecessor:} 13... h4 14. dxc6 N5xc6 15. gxh3 hxg3 16. hxg3 Rxh3 17. Kg2 {½-½ (27) Piorun,K (2681)-Inarkiev,E (2686) Gjakova 2016}) 14. Kxg2 {And now Bc2 would win.} h4 15. dxc6 O-O-O $1 $36 {[%mdl 2048] White is under pressure.} 16. Qc2 $1 {[%cal Rc2g6]} Nd3 $1 17. cxb7+ $1 Kxb7 18. Qb3+ $2 {[%mdl 8192]} (18. Nd2 $11) 18... Bb6 $19 19. Qd1 {Threatening Qf3+.} hxg3 20. Qf3+ Rd5 $2 (20... Nd5 $19 {and Black stays clearly on top.} 21. Qxg3 Qe4+ 22. Kg1 Bxd4) 21. fxg3 $17 Ne5 $1 {[%cal Re5f3]} (21... Bxd4 22. Bb3 $14) 22. Qe2 Bc7 $2 (22... Kb8 $1 $17 {stays on course. Threatens to win with ...Ng4.} 23. Nd2 Ng4) 23. Kg1 (23. Bc2 $1 $16 {[%cal Rc2g6]} Qg4 24. Be4 Qxe2+ 25. Nxe2) 23... Nd3 $2 (23... Ng4 $1 $11 24. Qxe7 Rxd4 25. cxd4 Nxh2) 24. Rf3 $1 $18 {[%cal Rf3d3]} ({Not} 24. Qxe7 Rxh2 25. Bc6+ Kb8 $11) 24... Ne5 25. Bb3 (25. Nd2 $18) 25... Rc5 (25... Rxd4 $16 26. cxd4 Nxf3+ 27. Qxf3+ Kb8) 26. Nd2 (26. Rf2 $18 {is more deadly.}) 26... Nxf3+ $16 27. Qxf3+ (27. N2xf3 $16 Nc6 28. Bc2) 27... Kb8 $11 28. Re1 ({Don't play} 28. Qxf7 Bxg3 29. Qxg6 Bxh2+ 30. Kf2 Nxg6 $17) 28... Nf5 29. Bd5 Nxd4 30. cxd4 Rb5 31. Nb3 Qd6 32. Nc5 {[#]} (32. Bc6 $11 {remains equal.} Rbh5 33. Ba8) 32... Rd8 $1 $17 33. Qxf7 $2 {[%mdl 8192]} (33. Rc1 $17 Rb6 34. Be4 Qxd4+ 35. Kh1) 33... Rxc5 (33... Qxd5 $142 34. Qxd5 Rxd5 35. Re8+ Rd8 36. Rxd8+ Bxd8) 34. dxc5 $19 Qxc5+ ({Much less strong is} 34... Qxd5 35. Qxd5 Rxd5 36. b4 $17) 35. Kg2 {Black must now prevent Re8.} Qxd5+ 36. Qxd5 Rxd5 {[%mdl 4096] Endgame KRB-KR} 37. Re2 Be5 38. Kf3 Bf6 39. h4 Kc7 40. b3 Kc6 41. Kf4 (41. Rh2 $142) 41... Kb5 42. Rc2 a5 43. Rc8 Kb4 44. Rc4+ $2 {[#]} (44. g4) 44... Ka3 $1 {Black is clearly winning.} 45. Ra4+ Kb2 {Strongly threatening ...Rd4+.} 46. Ke3 Bc3 47. g4 Bb4 48. h5 (48. Ke4 $142 Rb5 49. Kd4) 48... Ba3 49. Re4 Kxa2 50. Re8 Kxb3 51. Ke4 Rb5 {Precision: White = 37%, Black = 50%.} 0-1

[Event "40th Nezhmetdinov Memorial 2018"]
[Site "Kazan"]
[Date "2018.09.21"]
[Round "9"]
[White "Yudin, Sergei"]
[Black "Kabanov, Nikolai"]
[Result "1-0"]
[WhiteElo "2525"]
[BlackElo "2484"]
[Annotator "TA"]
[PlyCount "97"]
[EventDate "2018.09.11"]
[EventType "swiss"]
[EventCountry "RUS"]
[SourceTitle "playchess.com"]
[Source "ChessBase"]
[SourceQuality "1"]

{[%evp 16,97,10,10,33,23,31,27,45,35,63,63,60,54,53,66,60,71,55,57,54,51,41,33,37,27,33,28,97,102,151,151,144,129,142,139,237,231,230,225,269,269,264,262,301,301,307,299,354,282,281,263,308,309,309,297,306,304,309,284,291,295,506,363,436,468,603,553,908,979,920,871,894,827,1172,1188,1143,1045,1254,991,2423,2152,2247,2031]} 1. Nf3 Nf6 2. b3 d5 3. Bb2 g6 4. c4 dxc4 5. bxc4 Bg7 6. g3 c5 7. Bg2 Nc6 8. O-O O-O 9. d3 {LiveBook: 58 Games} Qd6 {A05: Réti Opening: 1 Nf3 Nf6} 10. Nc3 e5 11. Nd2 Bd7 $146 {White has an edge.} ({Predecessor:} 11... Bg4 12. Nde4 Nxe4 13. Nxe4 Qe7 14. Qd2 Rad8 15. h3 Be6 16. Ba3 b6 17. Nc3 {0-1 (59) Kosten,A (2540)-Michelakis,G (2432) West Bromwich 2003}) 12. Nd5 Rab8 13. e3 Ne7 {[%cal Rf6d5]} 14. Nxf6+ Qxf6 15. Ne4 Qb6 $1 {[%cal Rb6b2]} 16. Ba3 Rfc8 17. Qd2 {Rab1 is the strong threat.} Bf5 18. Rab1 $36 {[%mdl 2048] White is pushing.} Qa6 $1 {[%cal Ra6a3]} 19. Bxc5 Bxe4 $1 20. Bxe7 Bxg2 21. Kxg2 e4 (21... b5 $11 {remains equal.}) 22. dxe4 $16 Qe6 23. Bd6 Rd8 24. c5 {[#] aiming for Qd5.} Qxe4+ 25. f3 Qe6 (25... Qc6 $16 26. Qb4 Rbc8) 26. Qf2 $18 Rbc8 27. Rxb7 Bf8 28. Bxf8 (28. Rxa7 $6 Bxd6 29. cxd6 Qxd6 $16) 28... Kxf8 29. Rc1 (29. Rxa7 $6 Rxc5 30. Qb2 Kg8 $18) 29... Rd3 30. Qb2 {[%cal Rb2h8] [#]} (30. Rxa7 $6 Rxe3 31. Rc2 Rc6 $18) 30... Kg8 31. e4 (31. Rxa7 Qxe3 32. Rc2 Qxf3+ 33. Kh3 Rd5 34. Qg7+ Kxg7 35. Rxf7+ Kxf7 36. Rc4 Rh5+ 37. Rh4 Rxh4+ 38. Kxh4 Qh5#) 31... h5 32. Rb3 ({Don't play} 32. Rxa7 Rcd8 $18) 32... Rd7 33. Rb8 Rxb8 34. Qxb8+ {[%mdl 4096] Endgame KQR-KQR} Kh7 {( -> ...Rd2+)} 35. Qb2 Qc6 36. Qc3 Qb5 37. Rc2 Rd1 {[%csl Gd1][%cal Rb5f1]} 38. Rf2 Qb1 $2 (38... Qc6 39. Qb3 Rd7) 39. Qb3 Rg1+ 40. Kh3 {White is clearly winning.} Qxb3 41. axb3 {KR-KR} Rb1 42. Rc2 Rxb3 43. c6 {[%cal Bc5c6,Bc6c7][%mdl 32] Black must now prevent c7.} Rb8 44. Ra2 ({Weaker is} 44. c7 Rc8 $18) 44... Kg7 45. c7 Rc8 46. Rxa7 Kf8 47. Kh4 f6 48. f4 Ke7 49. e5 {Precision: White = 91%, Black = 27%.} 1-0